Contes des Frères Sérapion / (Record no. 155511)

MARC details
000 -LEADER
campo de control de longitud fija 01134nam a22002775i 4500
001 - NÚMERO DE CONTROL
campo de control 155511
003 - IDENTIFICADOR DE NÚMERO DE CONTROL
campo de control ES-MaACL
005 - FECHA Y HORA DE LA ÚLTIMA TRANSACCIÓN
campo de control 20260318063016.0
008 - DATOS DE LONGITUD FIJA--INFORMACIÓN GENERAL
campo de control de longitud fija 040721q18561877fr a |||| | fre d
040 ## - FUENTE DE CATALOGACIÓN
Centro catalogador/agencia de origen CAM
Lengua de catalogación spa
Centro/agencia transcriptor CAM
100 1# - ENTRADA PRINCIPAL--NOMBRE DE PERSONA
Nombre de persona Hoffmann, Ernst T. A.
Fechas asociadas al nombre 1776-1822
9 (RLIN) 242917
245 10 - MENCIÓN DEL TÍTULO
Título Contes des Frères Sérapion /
Mención de responsabilidad, etc. Hoffmann ; illustré par Foulquier ; traduction de La Bédollière.
260 ## - PUBLICACIÓN, DISTRIBUCIÓN, ETC.
Lugar de publicación, distribución, etc. Paris :
Nombre del editor, distribuidor, etc. [s.n.],
Fecha de publicación, distribución, etc. [s.a.] (
Fabricante Typ. Henri Plon)
300 ## - DESCRIPCIÓN FÍSICA
Extensión 80 p. :
Otras características físicas il. ;
Dimensiones 30 cm.
490 1# - MENCIÓN DE SERIE
Mención de serie Pantheon populaire illustré
500 ## - NOTA GENERAL
Nota general Cuadernillos numerados, 381-385.
594 ## - Nota al título y mención de responsabilidad
Nota al título y mención de responsabilidad Tít. y autor tomados de principio de texto.
596 ## - NOTA AL PIE DE IMPRENTA
NOTA AL PIE DE IMPRENTA El impresor ejerce ca. 1856-1877.
597 ## - NOTA DE DESCRIPCIÓN FÍSICA
NOTA DE DESCRIPCIÓN FÍSICA Texto a dos col.
599 ## - NOTA A LAS ILUSTRACIONES
NOTA A LAS ILUSTRACIONES Il. xil. en cabecera de texto de la primera pág., enmarcando el nombre de la serie.
700 11 - ENTRADA AGREGADA--NOMBRE PERSONAL
Nombre de persona Foulquier, Valentin,
Fechas asociadas al nombre 1822-1896
Término indicativo de función/relación
9 (RLIN) 152770
700 11 - ENTRADA AGREGADA--NOMBRE PERSONAL
Nombre de persona La Bédollière, Émile de,
Fechas asociadas al nombre 1812-1883
Término indicativo de función/relación
9 (RLIN) 152767
830 0# - PUNTO DE ACCESO ADICIONAL DE SERIE-TÍTULO UNIFORME
Título uniforme Pantheon populaire illustré
9 (RLIN) 187945
852 ## - LOCALIZACIÓN
Ubicación ES-MaACL
Número de control de estantería C-2509(4)
Nota libre -- Enc. hol., falto de la cub. original
Holdings
Estatus retirado Estado de pérdida Estado de daño No para préstamo Biblioteca de origen Biblioteca actual Ubicación en estantería Fecha de adquisición Fuente de adquisición Total de préstamos Signatura topográfica completa Código de barras Visto por última vez Precio de reemplazo Tipo de ítem Koha
        Biblioteca del Ateneo de Madrid Biblioteca del Ateneo de Madrid Sala Palomar 17/01/2008     C-2509(4) 1162668 23/02/2023 23/02/2023 Libro impreso